Cortina rasgada = Torn Courtain /

Un científico norteamericano viaja a Copenhaguen con su asistente-novia. Allá, ella descubre que él tiene tratos con los alemanes orientales: todo señala que traiciona a su país. Pero cuando sus contactos descubren su verdadera intención, él y su novia tendrán que buscar una manera segura de regresa...

Celý popis

Uloženo v:
Podrobná bibliografie
Hlavní autor: Hitchcock, Alfred (realización)
Další autoři: Moore, Brian (guión) (guión), Warren, John F. (fotógrafo) (fotógrafo), Hoffman, Bud (montaje) (montaje), Adisson, John (música) (música), Newman, Paul (actuación) (actuación), Andrews, Julie (actuación) (actuación), Kedrova, Lila (actuación) (actuación), Bouzereau, Laurent (realización) (realización), Bouzereau, Laurent (guión) (guión), Martin, David (fotógrafo) (fotógrafo), Gross, Jeffrey (montaje) (montaje), Broudy, Trev (conducción) (conducción)
Médium: Video
Jazyk:angličtina
Vydáno: EUA : Universal City, EUA : Alfred J. Hitchcock Productions; Universal Pictures, c1966-1999
Edice:(The Hitchcock Collection)
Témata:
Tagy: Přidat tag
Žádné tagy, Buďte první, kdo vytvoří štítek k tomuto záznamu!

MARC

LEADER 00000ngm^a2200000^a^4500
001 000312029
005 20250716103213.0
009 20260310113104.088
037 |a Acervo ITESO - Biblioteca 
041 |a ING 
082 |a 810.  |b HIT 
100 |a Hitchcock, Alfred  |e (realización) 
240 1 1 |a [Cortina rasgada] 
245 1 0 |a Cortina rasgada =  |b Torn Courtain /  |c Realización de A. Hitchcock. 
264 4 |a EUA :  |b Alfred J. Hitchcock Productions;  |a Universal City, EUA :  |b Universal Pictures,  |c c1966-1999 
264 2 |a México :  |b Universal Pictures [distribución] :  |b CIC Video [distribución],  |c 2002, c2002 
300 |a 1 DVD regiones 1, 3 y 4  |c (128, 32 min.) 
336 |a imagen móvil bidimensional  |b tdi  |2 rdacontenido 
337 |a video  |b v  |2 rdamedio 
338 |a videodisco  |b vd  |2 rdasoporte 
440 5 |a (The Hitchcock Collection) 
520 |a Un científico norteamericano viaja a Copenhaguen con su asistente-novia. Allá, ella descubre que él tiene tratos con los alemanes orientales: todo señala que traiciona a su país. Pero cuando sus contactos descubren su verdadera intención, él y su novia tendrán que buscar una manera segura de regresar a casa. 
520 |a Suplementos y características especiales (en inglés, con subtítulos opcionales: español, cantonés, inglés, portugués, a menos que sea anotada otra especificación): 1) Corriendo la Cortina rasgada (32 min., 2000), documental retrospectivo detrás de cámaras; 2) Escenas con música de Bernard Herrmann (1911-1975), quien mantuvo una larga colaboración con Hitchcock, pero cuya relación profesional se rompió a partir de este proyecto (15 min.); 3) Avance cinematográfico original (5 min.; en inglés, sin subtítulos o traducción) y 4) Galería con 133 fotografías de la película, el rodaje y materiales de promoción. 
530 |a Existe una edición en formato audiovisual en blu-ray con el título: Torn Curtain 
530 |a Existe una edición en formato audiovisual en VHS con el mismo título 
545 0 |a Alfred Hitchcock, nacido en Londres en 1899 y muerto en Los Angeles en 1980, ha sido muy probablemente el director de cine más conocido por los públicos masivos de todo el mundo, que le identifican como el amo del suspenso. Hitchcock desarrolla una carrera fílmica que se extiende durante más de medio siglo (1920-1976), atraviesa el cine mudo y la primera década de cine sonoro en Inglaterra y a partir de su emigración a Estados Unidos en 1940, uno de los períodos más fructíferos del cine norteamericano. Asesinato (1930), El número 17 (1932), El hombre que sabía demasiado (1934), El agente secreto (1936), Rebeca (1940), Náufragos (1943), La sombra de una duda (1942), La soga (1948), Pacto siniestro (1951), Mi secreto me condena (1953), Con M de muerte (1954), La ventana indiscreta (1954), El hombre equivocado (1956), Vértigo/De entre los muertos (1958), Intriga internacional (1959), Psicosis (1960) y Los pájaros (1963) son algunos de los títulos emblemáticos de una filmografía formada por sólidas narraciones, dirigidas impecablemente, en las que Hitchcock dota de densidad y fascinación al género policíaco y expresa un interés particular por el inocente injustamente acusado. Su legado comprende además El cine según Hitchcock, serie de conversaciones sostenidas con su colega francés François Truffaut, que ha devenido un libro modelo para estudios similares que han sido realizados posteriormente sobre otros directores de cine. 
546 |a En alemán, inglés, noruego y sueco, con subtítulos opcionales: español, cantonés, inglés, portugués 
649 |a XX 
650 |a Cineastas Ingleses 
650 |a Películas de Suspenso y Terror 
650 |a Cine Norteamericano -  |y 1960-1969 
650 |a Cine Norteamericano -  |y Siglo XX 
650 |a Cine Norteamericano -  |x Historia y Crítica 
650 |a Espionaje y Contraespionaje 
650 |a Guerra Fría 
650 |a Política Internacional -  |x Historia -  |y 1960-1969 
650 |a Política Internacional -  |x Historia -  |y Siglo XX 
650 |a Berlín, Alemania en el Cine 
650 |a Hitchcock, Alfred 
740 0 |a Corriendo la Cortina rasgada =  |b Torn Curtain Rising / 
700 |a Moore, Brian  |e (guión) 
700 |a Warren, John F.  |e (fotógrafo) 
700 |a Hoffman, Bud  |e (montaje) 
700 |a Adisson, John  |e (música) 
700 |a Newman, Paul  |e (actuación) 
700 |a Andrews, Julie  |e (actuación) 
700 |a Kedrova, Lila  |e (actuación) 
700 |a Bouzereau, Laurent  |e (realización) 
700 |a Bouzereau, Laurent  |e (guión) 
700 |a Martin, David  |e (fotógrafo) 
700 |a Gross, Jeffrey  |e (montaje) 
700 |a Broudy, Trev  |e (conducción) 
910 |a Fondo General 
920 |a Audiovisuales - DVDs 
940 |a Películas 
905 |a 302 
901 |a 0500198053  |b IT2  |c DVS  |i C117197  |u 20250521 
902 |a https://opac.biblio.iteso.mx/vufind/Record/000312029